| 000 | 00699nam a2200241 4500 | ||
|---|---|---|---|
| 999 |
_c5571 _d5571 |
||
| 001 | 1323926 | ||
| 003 | GBCCL | ||
| 005 | 20241126110545.0 | ||
| 008 | 700820s1970 nju 000 0 eng | ||
| 010 | _a 78123064 | ||
| 020 | _a0551001194 | ||
| 040 |
_aDLC _cDLC _dDLC |
||
| 082 | 0 | 0 |
_a242 _bHAV |
| 100 | 1 |
_aHavner, Vance _d1901- _9347 |
|
| 245 | 1 | 0 |
_aSeasonings: _bThoughts experiences humour and inspiration to whet the appetite for the living bread / _cVance Haver |
| 260 |
_aLondon: _bLakeland _c1970 |
||
| 300 |
_a127 p. _c18 cm. |
||
| 350 | _a3.50 | ||
| 650 | 0 |
_aMeditations _91412 |
|
| 650 | 0 |
_aChristian life _9183 |
|
| 906 |
_a7 _bcbc _corignew _d2 _encip _f19 _gy-gencatlg |
||
| 942 |
_2ddc _cBK |
||